[Event "CAN op"]
[Site "Hamilton CAN"]
[Date "2022.07.12"]
[Round "2.13"]
[White "Xu, Daniel"]
[Black "Song, Edward"]
[Result "1-0"]
[WhiteElo "2128"]
[BlackElo "2474"]
[PlyCount "127"]
[EventDate "2022.07.12"]
[EventType "swiss"]
[EventRounds "9"]
[EventCountry "CAN"]

1. e4 c5 2. Nf3 e6 3. d4 cxd4 4. Nxd4 a6 5. Bd3 Bc5 6. Nb3 Ba7 7. O-O Ne7 8.
Nc3 Nbc6 9. Qe2 O-O 10. Kh1 b5 11. a3 Ne5 12. Be3 Qc7 13. Bxa7 Rxa7 14. f4 Nxd3
15. Qxd3 f5 16. Rad1 Qb6 17. e5 Bb7 18. Qd6 Qxd6 19. Rxd6 Rc8 20. Kg1 Rc7 21.
Rfd1 Ba8 22. R1d2 Kf7 23. Na5 h6 24. Kf2 Ke8 25. g3 Rc8 26. Na2 Nd5 27. Nb4
Nxb4 28. axb4 Ke7 29. Nb3 Bd5 30. Nd4 Be4 31. c3 g5 32. Rd1 Rg8 33. Ne2 Bc6 34.
Ra1 gxf4 35. Nxf4 Rc8 36. Nd3 Rca8 37. Nc5 a5 38. bxa5 Rxa5 39. Rad1 Ra2 40.
R1d2 R8a7 41. Nxe6 dxe6 42. Rxc6 Rd7 43. Rxd7+ Kxd7 44. Rd6+ Ke7 45. Rd2 Ra8
46. Rd4 Rc8 47. Kf3 Rc5 48. Kf4 Rc8 49. Rb4 Rc5 50. h4 Ke8 51. h5 Kf7 52. b3
Rxc3 53. Rxb5 Rc1 54. Rb7+ Kf8 55. b4 Rf1+ 56. Ke3 Re1+ 57. Kd4 Re4+ 58. Kc5
Rxe5+ 59. Kd6 Re3 60. b5 Rxg3 61. Kxe6 Rb3 62. Kxf5 Rg3 63. b6 Rb3 64. Kg6 1-0

[Event "CAN op"]
[Site "Hamilton CAN"]
[Date "2022.07.12"]
[Round "2.14"]
[White "Windram, James"]
[Black "Chiku-Ratte, Olivier-Kenta"]
[Result "0-1"]
[WhiteElo "2124"]
[BlackElo "2458"]
[PlyCount "40"]
[EventDate "2022.07.12"]
[EventType "swiss"]
[EventRounds "9"]
[EventCountry "CAN"]

1. e4 c6 2. d4 d5 3. e5 Bf5 4. Nf3 e6 5. Be2 Ne7 6. O-O c5 7. c4 Nbc6 8. dxc5
d4 9. Qa4 Ng6 10. b4 a5 11. b5 Nb4 12. b6+ Nc6 13. Ba3 f6 14. exf6 d3 15. Bd1
Qxf6 16. Qb5 Qxa1 17. Bb2 Qxb1 18. Ne5 Qxb2 19. Nxc6 Qxb5 20. cxb5 Bxc5 0-1

[Event "CAN op"]
[Site "Hamilton CAN"]
[Date "2022.07.12"]
[Round "2.15"]
[White "Ajith, Aayush"]
[Black "Vera, Reynaldo"]
[Result "0-1"]
[WhiteElo "2122"]
[BlackElo "2445"]
[PlyCount "78"]
[EventDate "2022.07.12"]
[EventType "swiss"]
[EventRounds "9"]
[EventCountry "CAN"]

1. d4 Nf6 2. c4 e6 3. Nc3 Bb4 4. Qc2 d5 5. cxd5 exd5 6. Bg5 c5 7. a3 Bxc3+ 8.
bxc3 cxd4 9. cxd4 Nc6 10. e3 Qa5+ 11. Ke2 Ne4 12. f4 Bg4+ 13. Nf3 Rc8 14. Qb2
O-O 15. Bh4 Rfe8 16. Be1 Qa6+ 17. Kd1 Qa4+ 18. Qc2 Qxc2+ 19. Kxc2 Nxd4+ 20. Kb2
Nxf3 21. gxf3 Bxf3 22. Rg1 Re6 23. Bd3 Rb6+ 24. Ka2 d4 25. Rb1 Nc3+ 26. Bxc3
Rxc3 27. Rxb6 axb6 28. Bf5 Rxe3 29. Kb2 g6 30. Bb1 Re2+ 31. Kc1 Rxh2 32. Rg3
Rf2 33. f5 Kg7 34. Bd3 Kf6 35. fxg6 fxg6 36. a4 Bc6 37. Bc2 Rf3 38. Rg4 d3 39.
Bd1 Rf1 0-1

[Event "CAN op"]
[Site "Hamilton CAN"]
[Date "2022.07.12"]
[Round "2.16"]
[White "Demchenko, Kyrylo"]
[Black "Ouellet, Maili-Jade"]
[Result "1/2-1/2"]
[WhiteElo "2109"]
[BlackElo "2381"]
[PlyCount "113"]
[EventDate "2022.07.12"]
[EventType "swiss"]
[EventRounds "9"]
[EventCountry "CAN"]

1. e4 c5 2. Nc3 Nc6 3. f4 g6 4. Nf3 Bg7 5. g3 a6 6. Bg2 e6 7. O-O d5 8. exd5
exd5 9. Re1+ Nge7 10. d3 O-O 11. Ne5 Be6 12. Nxc6 Nxc6 13. Bd2 Nd4 14. Kh1 Qd7
15. Be3 Rac8 16. Bxd4 Bxd4 17. f5 Bxf5 18. Nxd5 Rce8 19. Qd2 Kh8 20. c3 Bg7 21.
Qf2 Qd6 22. Rxe8 Rxe8 23. Re1 Bd7 24. Rxe8+ Bxe8 25. Qe3 Bc6 26. Qe7 Qxe7 27.
Nxe7 Bxg2+ 28. Kxg2 Bf8 29. Nd5 Kg7 30. Kf3 Bd6 31. h3 h5 32. d4 f6 33. Ne3
cxd4 34. cxd4 Kf7 35. g4 hxg4+ 36. hxg4 Ke6 37. Ke4 Bg3 38. b3 Bf2 39. d5+ Kd6
40. Nc4+ Kd7 41. Nb2 Kd6 42. Nc4+ Kc5 43. Na5 Kd6 44. Nc4+ Kc7 45. Nb2 Bg3 46.
Nc4 b5 47. Na5 Be1 48. Nc6 Kd6 49. Nd4 Bc3 50. Ne6 Ba5 51. Nf4 f5+ 52. gxf5
gxf5+ 53. Kxf5 Bd2 54. Ne6 Kxd5 55. Nc7+ Kc6 56. Nxa6 Kb6 57. Nb8 1/2-1/2

[Event "CAN op"]
[Site "Hamilton CAN"]
[Date "2022.07.12"]
[Round "2.17"]
[White "Dukic, Zachary"]
[Black "Sharma, Vishruth"]
[Result "1/2-1/2"]
[WhiteElo "2353"]
[BlackElo "2106"]
[PlyCount "185"]
[EventDate "2022.07.12"]
[EventType "swiss"]
[EventRounds "9"]
[EventCountry "CAN"]

1. e4 e5 2. Nf3 Nc6 3. Bb5 a6 4. Ba4 Nf6 5. O-O Be7 6. d3 b5 7. Bb3 d5 8. exd5
Nxd5 9. Re1 Qd6 10. Nbd2 Nf6 11. a4 Rb8 12. axb5 axb5 13. Qe2 Bg4 14. h3 Bxf3
15. Nxf3 Nd7 16. Bg5 O-O 17. Bxe7 Qxe7 18. d4 Rfe8 19. dxe5 Ndxe5 20. Nxe5 Qxe5
21. Qf3 Qxe1+ 22. Rxe1 Rxe1+ 23. Kh2 Nd8 24. Qc3 Re7 25. Qc5 Kf8 26. h4 Rb6 27.
g3 Nb7 28. Qf5 g6 29. Qg5 Rd7 30. h5 c5 31. Bd5 Nd8 32. Bf3 Ne6 33. Qf6 Kg8 34.
h6 Kf8 35. Kg2 Rd4 36. Qh8+ Ke7 37. Qxh7 Rb8 38. Bh5 gxh5 39. Qf5 Rg4 40. Kf1
Rg5 41. Qe4 b4 42. f4 Rg6 43. Qe5 Rc8 44. h7 Rh6 45. f5 Rxh7 46. fxe6 fxe6 47.
Ke2 Kd7 48. Qe4 Rf7 49. Kd3 Rf5 50. Qb7+ Rc7 51. Qa8 Ke7 52. Kc4 Rg5 53. Qh8
Rd7 54. Qh6 Rdd5 55. Qh7+ Kf6 56. Qh8+ Kf5 57. Qh7+ Kg4 58. Qe4+ Kxg3 59. Qe3+
Kh4 60. Qe1+ Rg3 61. Qxe6 Rdg5 62. Qe1 Rf5 63. Kb5 Kh3 64. Qh1+ Kg4 65. Qe4+
Kg5 66. Qe7+ Kf4 67. Qh4+ Rg4 68. Qf2+ Kg5 69. Qd2+ Kg6 70. Qd6+ Rf6 71. Qd3+
Kh6 72. Qd8 Rgg6 73. Qd2+ Rg5 74. Qd8 Rgf5 75. Qd2+ Kg6 76. Qg2+ Rg5 77. Qe4+
Rgf5 78. Qe8+ Kh6 79. Qh8+ Kg5 80. Qg8+ Kf4 81. Qh8 Kg4 82. Qg7+ Kh3 83. Qg1 h4
84. Qh1+ Kg3 85. Qg1+ Kf4 86. Qf2+ Kg5 87. Qg2+ Kh6 88. Qd2+ Rg5 89. Qd8 Rf3
90. Qh8+ Kg6 91. Qxh4 Rff5 92. Qh8 Kf7 93. Qh7+ 1/2-1/2

[Event "CAN op"]
[Site "Hamilton CAN"]
[Date "2022.07.12"]
[Round "2.19"]
[White "Jaferian, Koosha"]
[Black "Guo, Veronica (Yu Han)"]
[Result "1-0"]
[WhiteElo "2336"]
[BlackElo "1984"]
[PlyCount "101"]
[EventDate "2022.07.12"]
[EventType "swiss"]
[EventRounds "9"]
[EventCountry "CAN"]

1. Nf3 d5 2. b3 Bf5 3. Bb2 e6 4. g3 Nf6 5. Bg2 c5 6. d3 Nc6 7. O-O Qc7 8. Nbd2
h5 9. Re1 O-O-O 10. c4 d4 11. a3 Be7 12. b4 g5 13. Nxg5 Rdg8 14. Nge4 h4 15. e3
hxg3 16. hxg3 Ng4 17. exd4 Bxe4 18. Nxe4 f5 19. d5 Nxf2 20. Kxf2 fxe4 21. Re3
Rf8+ 22. Ke1 Rh2 23. Bxe4 Bg5 24. Rf3 Rh1+ 25. Kf2 Rxd1 26. Rxf8+ Nd8 27. Rxd1
Qe7 28. Rf3 cxb4 29. axb4 Qxb4 30. Bd4 exd5 31. Bxd5 a5 32. Kg2 a4 33. Ra1 Qb3
34. Be4 Nc6 35. Bf2 Be7 36. Rf7 Bb4 37. Bxc6 bxc6 38. Rh1 Bc3 39. d4 Bxd4 40.
Bxd4 Qc2+ 41. Bf2 Qe4+ 42. Rf3 Qxc4 43. Rh4 Qb5 44. Ra3 Qd5+ 45. Kh2 Qf7 46.
Kg1 Qd5 47. Raxa4 Qd1+ 48. Kh2 Qe2 49. Ra8+ Kd7 50. Rh7+ Kd6 51. Rd8+ 1-0

[Event "CAN op"]
[Site "Hamilton CAN"]
[Date "2022.07.12"]
[Round "2.20"]
[White "Bui, Alan"]
[Black "Rek, Slava"]
[Result "1/2-1/2"]
[WhiteElo "2097"]
[BlackElo "2331"]
[PlyCount "51"]
[EventDate "2022.07.12"]
[EventType "swiss"]
[EventRounds "9"]
[EventCountry "CAN"]

1. d4 Nf6 2. Nf3 d5 3. Bf4 c5 4. e3 Nc6 5. Nbd2 Bf5 6. Bb5 Qb6 7. c4 cxd4 8.
exd4 Bd7 9. Qb3 e6 10. O-O Bb4 11. cxd5 Qxb5 12. dxc6 Bxc6 13. a4 Qf5 14. Qxb4
Nd5 15. Nc4 Nxb4 16. Nd6+ Kd7 17. Nxf5 Bxf3 18. Nd6 Be2 19. Rfe1 Nd3 20. Nxf7
Nxe1 21. Rxe1 Rhf8 22. Ne5+ Ke8 23. Bd2 Ba6 24. Rc1 Rd8 25. Bg5 Rf6 26. Bxf6
1/2-1/2

[Event "CAN op"]
[Site "Hamilton CAN"]
[Date "2022.07.12"]
[Round "2.21"]
[White "Perez Rodriguez, Luis Manuel"]
[Black "Hasku, Dashnor"]
[Result "1-0"]
[WhiteElo "2370"]
[BlackElo "1963"]
[PlyCount "63"]
[EventDate "2022.07.12"]
[EventType "swiss"]
[EventRounds "9"]
[EventCountry "CAN"]

1. e4 e5 2. Nf3 Nc6 3. Bb5 a6 4. Ba4 b5 5. Bb3 Bc5 6. c3 Nf6 7. d4 exd4 8. e5
Ng4 9. cxd4 Bb4+ 10. Nc3 d5 11. O-O Be6 12. a4 Bxc3 13. bxc3 Na5 14. Bc2 Qd7
15. Ng5 Nh6 16. axb5 axb5 17. Qe2 Nf5 18. Ba3 Nc4 19. Bc5 Rb8 20. Ra6 g6 21.
Bxf5 Bxf5 22. Rf6 Be6 23. Ra1 Bg4 24. Qe1 Be6 25. Ra6 Nb6 26. Nxf7 Bxf7 27. e6
Bxe6 28. Rxe6+ Kd8 29. Bxb6 cxb6 30. Qe5 Kc8 31. Qxh8+ Kb7 32. Rexb6+ 1-0

[Event "CAN op"]
[Site "Hamilton CAN"]
[Date "2022.07.12"]
[Round "2.22"]
[White "Terry, Joshua"]
[Black "Rusonik, Max"]
[Result "1-0"]
[WhiteElo "1958"]
[BlackElo "2312"]
[PlyCount "87"]
[EventDate "2022.07.12"]
[EventType "swiss"]
[EventRounds "9"]
[EventCountry "CAN"]

1. d4 Nf6 2. c4 e6 3. g3 d5 4. Bg2 c5 5. cxd5 exd5 6. Nf3 Nc6 7. O-O Be7 8.
dxc5 Bxc5 9. a3 Ne4 10. Nfd2 f5 11. Nxe4 dxe4 12. Qxd8+ Nxd8 13. Nc3 O-O 14.
Bf4 Ne6 15. Be5 Bd7 16. Rad1 Rfd8 17. g4 g6 18. gxf5 gxf5 19. Kh1 Bc6 20. Bh3
Rxd1 21. Rxd1 Bxf2 22. Bxf5 Ng5 23. h4 Rf8 24. Bd7 Bxh4 25. Bxc6 bxc6 26. Rd7
Rf1+ 27. Kg2 Rf2+ 28. Kg1 Rf5 29. Bd4 Be1 30. Rxa7 Bd2 31. b4 Ne6 32. Nxe4 Bxb4
33. Bb6 Be1 34. a4 Rf4 35. Nd6 Nd4 36. Ra8+ Rf8 37. Rxf8+ Kxf8 38. Bxd4 Ke7 39.
Nc4 Kd7 40. Kg2 Bb4 41. e4 c5 42. Be3 Kc6 43. Bd2 h5 44. Kg3 1-0

[Event "CAN op"]
[Site "Hamilton CAN"]
[Date "2022.07.12"]
[Round "2.23"]
[White "Chen, Max"]
[Black "Chen, Richard"]
[Result "1-0"]
[WhiteElo "2299"]
[BlackElo "1955"]
[PlyCount "83"]
[EventDate "2022.07.12"]
[EventType "swiss"]
[EventRounds "9"]
[EventCountry "CAN"]

1. e4 e5 2. Nf3 Nc6 3. Bc4 Bc5 4. c3 Nf6 5. d3 h6 6. Nbd2 O-O 7. O-O d6 8. h3
Na5 9. Bb5 a6 10. Ba4 b5 11. Bc2 Bb6 12. Re1 Bb7 13. Nf1 c5 14. Ng3 Nc6 15. Nh4
Ne7 16. Qf3 Ng6 17. Nhf5 d5 18. h4 Nh7 19. Nh5 Nxh4 20. Qg3 Nxf5 21. exf5 Ng5
22. Qxe5 f6 23. Qg3 Qc7 24. Bf4 Qf7 25. Qg4 Rfe8 26. Bd2 Kh8 27. f4 Nh7 28. Re6
Rxe6 29. fxe6 Qe7 30. Ng3 Rg8 31. Re1 g6 32. Qh3 h5 33. f5 Qg7 34. e7 Bc6 35.
Re6 Bd7 36. Rxb6 gxf5 37. Nxh5 Qxe7 38. Nxf6 Rxg2+ 39. Kxg2 f4 40. Qxh7+ Qxh7
41. Nxh7 Kxh7 42. Rb7 1-0

[Event "CAN op"]
[Site "Hamilton CAN"]
[Date "2022.07.12"]
[Round "2.24"]
[White "Zhong, Kevin"]
[Black "Jiang, Hancy"]
[Result "1-0"]
[WhiteElo "2276"]
[BlackElo "1855"]
[PlyCount "101"]
[EventDate "2022.07.12"]
[EventType "swiss"]
[EventRounds "9"]
[EventCountry "CAN"]

1. e4 c6 2. d4 d5 3. exd5 cxd5 4. c4 Nf6 5. Nc3 e6 6. Nf3 Nc6 7. Bg5 Be7 8. c5
Ne4 9. Bxe7 Qxe7 10. Nxe4 dxe4 11. Nd2 f5 12. Bb5 O-O 13. Bxc6 bxc6 14. Nc4 Ba6
15. Ne5 Qg5 16. Qb3 Qxg2 17. Qxe6+ Kh8 18. O-O-O Qxf2 19. h4 Rab8 20. Rd2 Qe3
21. h5 h6 22. Ng6+ Kh7 23. Nxf8+ Rxf8 24. Qg6+ Kh8 25. Rg1 Rg8 26. Qg2 f4 27.
Qf2 Qxf2 28. Rxf2 f3 29. Re1 Bd3 30. Kd2 Rf8 31. Rg1 Rf5 32. Rg6 Rxh5 33. Rxc6
g5 34. Re6 g4 35. c6 Ba6 36. c7 Bb7 37. Rxe4 Rg5 38. Re1 h5 39. Ke3 Rg7 40. Rc1
Bc8 41. Rh2 Re7+ 42. Kf4 Rf7+ 43. Kg3 f2 44. Rxf2 h4+ 45. Kg2 Kg7 46. Rxf7+
Kxf7 47. Re1 Bb7+ 48. Kh2 Kf6 49. Re8 g3+ 50. Kh3 g2 51. Kh2 1-0

[Event "CAN op"]
[Site "Hamilton CAN"]
[Date "2022.07.12"]
[Round "2.25"]
[White "Wang, Andy"]
[Black "Zomorrodian, Eilia"]
[Result "0-1"]
[WhiteElo "1806"]
[BlackElo "2263"]
[PlyCount "76"]
[EventDate "2022.07.12"]
[EventType "swiss"]
[EventRounds "9"]
[EventCountry "CAN"]

1. e4 c5 2. Nf3 e6 3. d4 cxd4 4. Nxd4 a6 5. Nc3 Qc7 6. a3 Nf6 7. Be3 b5 8. f3
Bb7 9. Bd3 Be7 10. O-O O-O 11. f4 d6 12. f5 e5 13. Nb3 Nbd7 14. Kh1 Nc5 15.
Nxc5 dxc5 16. Bg5 c4 17. Bxf6 Bxf6 18. Be2 Rfd8 19. Qe1 Rd4 20. Bf3 Rad8 21.
Nd5 Bxd5 22. exd5 e4 23. c3 R4xd5 24. Qxe4 Rd2 25. Rab1 h6 26. Rfd1 Qd7 27.
Rxd2 Qxd2 28. Qe2 Qg5 29. Qe4 h5 30. Rd1 Rxd1+ 31. Bxd1 Qc1 32. Qc2 Qf4 33. Kg1
Be7 34. g3 Qg4 35. Qe2 Bc5+ 36. Kg2 Qxf5 37. Qxh5 Qf2+ 38. Kh3 Qf1+ 0-1

[Event "CAN op"]
[Site "Hamilton CAN"]
[Date "2022.07.12"]
[Round "2.26"]
[White "Doknjas, Neil"]
[Black "Locham, Divjot"]
[Result "1-0"]
[WhiteElo "2262"]
[BlackElo "1751"]
[PlyCount "55"]
[EventDate "2022.07.12"]
[EventType "swiss"]
[EventRounds "9"]
[EventCountry "CAN"]

1. e4 e5 2. Nf3 Nc6 3. Nc3 Nf6 4. g3 d5 5. exd5 Nxd5 6. Bg2 Be6 7. O-O f6 8.
Re1 Qd7 9. d4 Nxc3 10. bxc3 O-O-O 11. Qe2 Bg4 12. dxe5 Nxe5 13. Nxe5 fxe5 14.
Qxe5 Bd6 15. Qe4 c6 16. Be3 a6 17. Rab1 Bh3 18. Rb2 Rhe8 19. Qa4 Bc5 20. Bxh3
Qxh3 21. Rxb7 Kxb7 22. Rb1+ Kc7 23. Bxc5 Rd5 24. Qf4+ Ree5 25. Bb6+ Kd7 26. c4
g5 27. Qf6 Re6 28. Qd8# 1-0

[Event "CAN op"]
[Site "Hamilton CAN"]
[Date "2022.07.12"]
[Round "2.27"]
[White "Jiang, Barron Jiyu"]
[Black "Saha, Ananda"]
[Result "0-1"]
[WhiteElo "1791"]
[BlackElo "2240"]
[PlyCount "70"]
[EventDate "2022.07.12"]
[EventType "swiss"]
[EventRounds "9"]
[EventCountry "CAN"]

1. e4 e6 2. d4 d5 3. e5 c5 4. c3 Nc6 5. Nf3 Bd7 6. a3 cxd4 7. cxd4 b5 8. Be2
Qb6 9. O-O Nge7 10. Be3 Nf5 11. Nc3 a6 12. b4 Be7 13. Bd3 Nxe3 14. fxe3 Rc8 15.
Rc1 g5 16. h3 h5 17. Nh2 Nxd4 18. Nxd5 exd5 19. Rxc8+ Bxc8 20. exd4 Qxd4+ 21.
Kh1 Qxe5 22. Re1 Qd6 23. Nf3 g4 24. Nd4 gxh3 25. gxh3 Qg3 26. Bf5 Bxf5 27.
Rxe7+ Kf8 28. Qf1 Be4+ 29. Rxe4 dxe4 30. Qf5 Qe1+ 31. Kh2 Qd2+ 32. Kh1 Qxd4 33.
Qc8+ Kg7 34. Qc1 Rh6 35. Qg5+ Rg6 0-1

[Event "CAN op"]
[Site "Hamilton CAN"]
[Date "2022.07.12"]
[Round "2.28"]
[White "Zhang, Yuanchen"]
[Black "Zaka, Mohid"]
[Result "1-0"]
[WhiteElo "2464"]
[BlackElo "1749"]
[PlyCount "59"]
[EventDate "2022.07.12"]
[EventType "swiss"]
[EventRounds "9"]
[EventCountry "CAN"]

1. d4 e6 2. c4 f5 3. g3 Nf6 4. Bg2 d5 5. Nf3 c6 6. O-O Bd6 7. b3 Qe7 8. Bb2 O-O
9. Nbd2 Ne4 10. Qc2 b6 11. Rfd1 Bb7 12. Ne5 Nd7 13. Ndf3 Rac8 14. Nxd7 Qxd7 15.
Ne5 Qe7 16. f3 Nf6 17. e3 c5 18. Qf2 a6 19. Rac1 Rfd8 20. Qe2 a5 21. cxd5 Nxd5
22. Nc4 Bc7 23. dxc5 Qxc5 24. Bd4 Qb5 25. Qb2 Rd7 26. Bf1 Qb4 27. e4 fxe4 28.
fxe4 e5 29. Bh3 exd4 30. Bxd7 1-0

[Event "CAN op"]
[Site "Hamilton CAN"]
[Date "2022.07.12"]
[Round "2.29"]
[White "Talukdar, Rohan"]
[Black "Rajsic, Branislav"]
[Result "1-0"]
[WhiteElo "2457"]
[BlackElo "1738"]
[PlyCount "47"]
[EventDate "2022.07.12"]
[EventType "swiss"]
[EventRounds "9"]
[EventCountry "CAN"]

1. e4 c5 2. Nf3 d6 3. Bb5+ Bd7 4. Bxd7+ Nxd7 5. O-O Ngf6 6. Qe2 e6 7. c3 Be7 8.
Rd1 O-O 9. d4 cxd4 10. cxd4 Qc7 11. Nc3 a6 12. e5 Nd5 13. Nxd5 exd5 14. Bf4
Rfe8 15. Rac1 Qb6 16. Rc3 Rac8 17. e6 Nf8 18. exf7+ Kxf7 19. Qc2 Rxc3 20. Qf5+
Kg8 21. Qxd5+ Kh8 22. bxc3 Ng6 23. Bg3 h6 24. Qf7 1-0

[Event "CAN op"]
[Site "Hamilton CAN"]
[Date "2022.07.12"]
[Round "2.30"]
[White "Hua, Eugene"]
[Black "Mok, Gillian"]
[Result "1-0"]
[WhiteElo "2392"]
[BlackElo "1735"]
[PlyCount "69"]
[EventDate "2022.07.12"]
[EventType "swiss"]
[EventRounds "9"]
[EventCountry "CAN"]

1. e4 e5 2. Nf3 Nc6 3. Bc4 Bc5 4. c3 Nf6 5. d3 d6 6. Bb3 h6 7. Nbd2 O-O 8. h3
Re8 9. Nf1 d5 10. Qe2 Be6 11. Ng3 d4 12. O-O Bb6 13. Bxe6 Rxe6 14. c4 Ne7 15.
Nh4 Ne8 16. Nhf5 Nd6 17. h4 Nexf5 18. exf5 Re8 19. Qg4 Kh7 20. Bd2 Rg8 21. Rae1
Qf6 22. Bg5 hxg5 23. hxg5 Qh6 24. gxh6 gxh6 25. Qh4 e4 26. Rxe4 Nxe4 27. Nxe4
Rgf8 28. Re1 Ba5 29. Nf6+ Kg7 30. Re4 Rh8 31. Nh5+ Kh7 32. Qf6 Rhg8 33. Qxf7+
Kh8 34. Re7 Rg7 35. Qxg7# 1-0

[Event "CAN op"]
[Site "Hamilton CAN"]
[Date "2022.07.12"]
[Round "2.31"]
[White "Rosenberg, Evan"]
[Black "Wu, Lucian"]
[Result "1-0"]
[WhiteElo "2205"]
[BlackElo "1726"]
[PlyCount "63"]
[EventDate "2022.07.12"]
[EventType "swiss"]
[EventRounds "9"]
[EventCountry "CAN"]

1. e4 c5 2. Nc3 d6 3. f4 Nf6 4. Nf3 Nc6 5. Bb5 Bd7 6. a4 a6 7. Bc4 Nd4 8. e5
Nxf3+ 9. Qxf3 Bc6 10. Qg3 Ne4 11. Nxe4 Bxe4 12. e6 f5 13. O-O Qc7 14. d3 Bc6
15. d4 cxd4 16. Bd3 g6 17. b4 Bg7 18. Bb2 O-O 19. h4 Qb6 20. h5 Rf6 21. b5 Be4
22. Bxe4 fxe4 23. f5 gxh5 24. Qf2 Rh6 25. Ra3 h4 26. g4 h3 27. g5 Rh5 28. f6
Rxg5+ 29. Rg3 Bxf6 30. Rxg5+ Bxg5 31. Bxd4 e3 32. Qf7# 1-0

[Event "CAN op"]
[Site "Hamilton CAN"]
[Date "2022.07.12"]
[Round "2.32"]
[White "Trofimov-Malyshkin, Valentyn"]
[Black "Mills, Morgen"]
[Result "0-1"]
[WhiteElo "1717"]
[BlackElo "2136"]
[PlyCount "148"]
[EventDate "2022.07.12"]
[EventType "swiss"]
[EventRounds "9"]
[EventCountry "CAN"]

1. e4 c6 2. d4 d5 3. e5 Bf5 4. c4 e6 5. g4 Be4 6. f3 Qh4+ 7. Ke2 Bxb1 8. Rxb1
dxc4 9. Be3 Nd7 10. Qc1 Qd8 11. Qxc4 Ne7 12. f4 Nb6 13. Qd3 Qd5 14. Nf3 h5 15.
gxh5 Qxa2 16. Bh3 Qc4 17. Bg4 Nf5 18. Qxc4 Nxc4 19. Bc1 Bb4 20. Rg1 Kf8 21.
Bxf5 exf5 22. Rg5 Re8 23. Kd3 Nb6 24. Rxf5 Nd5 25. Bd2 Bxd2 26. Kxd2 Ne7 27.
Rg5 f6 28. exf6 gxf6 29. Ra5 a6 30. Nh4 Rd8 31. Kd3 Kf7 32. Rg1 Nd5 33. Ng2
Rdg8 34. Ke4 Rxh5 35. Raa1 Rh3 36. Rae1 f5+ 37. Kxf5 Rxh2 38. Ne3 Rxg1 39. Rxg1
Nxe3+ 40. Ke4 Nd5 41. Rb1 Kf6 42. Kf3 Kf5 43. Re1 Rh3+ 44. Kf2 Kxf4 45. Re8
Rh2+ 46. Kg1 Rxb2 47. Rf8+ Kg3 48. Rg8+ Kf3 49. Rf8+ Nf4 50. Rf7 a5 51. Rf8 a4
52. Ra8 Ne2+ 53. Kh2 Nxd4+ 54. Kh3 Rb1 55. Kh4 b5 56. Rf8+ Ke4 57. Re8+ Kd3 58.
Rd8 a3 59. Ra8 b4 60. Ra5 Rb2 61. Kg4 a2 62. Ra4 Nb5 63. Ra6 Na3 64. Rxc6 a1=Q
65. Rd6+ Kc3 66. Rc6+ Nc4 67. Rf6 Qg1+ 68. Kf5 Rf2+ 69. Ke6 Qg8+ 70. Ke7 Re2+
71. Kd7 Qd5+ 72. Kc8 Re8+ 73. Kc7 Re7+ 74. Kc8 Qa8# 0-1

[Event "CAN op"]
[Site "Hamilton CAN"]
[Date "2022.07.12"]
[Round "2.33"]
[White "Xu, Eddie"]
[Black "Young, Alex"]
[Result "0-1"]
[WhiteElo "2088"]
[BlackElo "1713"]
[PlyCount "76"]
[EventDate "2022.07.12"]
[EventType "swiss"]
[EventRounds "9"]
[EventCountry "CAN"]

1. d4 Nf6 2. c4 g6 3. f3 Bg7 4. e4 d6 5. Nc3 O-O 6. Be3 e5 7. Nge2 Nc6 8. Qd2
Nxd4 9. Nxd4 exd4 10. Bxd4 h6 11. O-O-O Nd7 12. Be3 Kh7 13. h4 b6 14. h5 g5 15.
Bd3 Ne5 16. Bb1 Be6 17. b3 Rh8 18. Bd4 c6 19. Rhf1 Qe7 20. Nd5 cxd5 21. exd5+
Kg8 22. dxe6 fxe6 23. Bc2 Rd8 24. Rfe1 Nf7 25. Kb1 Be5 26. Bxe5 dxe5 27. Qe3
Rxd1+ 28. Rxd1 Kg7 29. Bg6 Rd8 30. Re1 Qd6 31. Bxf7 Kxf7 32. Qe2 Qd3+ 33. Qxd3
Rxd3 34. Kc2 Rd7 35. Rxe5 Kf6 36. Re4 e5 37. Re2 Kf5 38. Rd2 Rh7 0-1

[Event "CAN op"]
[Site "Hamilton CAN"]
[Date "2022.07.12"]
[Round "2.34"]
[White "Ruelland, Geoffrey"]
[Black "Chen, Ricky"]
[Result "1/2-1/2"]
[WhiteElo "2086"]
[BlackElo "1709"]
[PlyCount "75"]
[EventDate "2022.07.12"]
[EventType "swiss"]
[EventRounds "9"]
[EventCountry "CAN"]

1. d4 g6 2. c4 Bg7 3. Nc3 c5 4. d5 d6 5. Nf3 f5 6. Qc2 Nf6 7. g3 O-O 8. Bg2 Qb6
9. O-O e5 10. Ng5 Na6 11. Ne6 Bxe6 12. dxe6 Rab8 13. Nd5 Nxd5 14. Bxd5 Kh8 15.
Rd1 Rfe8 16. Qa4 Nc7 17. Rd3 Qb4 18. Qd1 Nxe6 19. Rb3 Qa5 20. Rxb7 Rxb7 21.
Bxb7 Qb6 22. Bd5 e4 23. Bxe6 Rxe6 24. Qd5 Re8 25. Kg2 Be5 26. Qf7 Qb8 27. Rb1
Rf8 28. Qd5 Qa8 29. Qxa8 Rxa8 30. b3 Kg7 31. Be3 Kf6 32. h4 h5 33. Rd1 Ke6 34.
f3 exf3+ 35. exf3 Re8 36. f4 Bf6 37. Kf3 Ke7 38. Rd3 1/2-1/2

[Event "CAN op"]
[Site "Hamilton CAN"]
[Date "2022.07.12"]
[Round "2.36"]
[White "Mutyalapati, Modith Aaroh"]
[Black "England, Max"]
[Result "1/2-1/2"]
[WhiteElo "1688"]
[BlackElo "2084"]
[PlyCount "95"]
[EventDate "2022.07.12"]
[EventType "swiss"]
[EventRounds "9"]
[EventCountry "CAN"]

1. e4 e5 2. Nf3 Nc6 3. Bb5 a6 4. Bxc6 dxc6 5. Nc3 f6 6. O-O Bg4 7. h3 Bh5 8. d3
Qd6 9. Qe2 O-O-O 10. Be3 g5 11. Rad1 c5 12. a3 Bf7 13. b4 cxb4 14. axb4 Qxb4
15. Bd2 Qc5 16. Rb1 h5 17. Nh2 Qc6 18. Rfc1 Ba3 19. Rd1 Ne7 20. Qe1 Be6 21. Ne2
Qxc2 22. Bb4 Rxd3 23. Bxa3 Rxa3 24. Ng3 Qc5 25. Rdc1 Qd4 26. Rb4 Qd6 27. Rcb1
b6 28. Qc1 Rd3 29. Rxb6 Rd1+ 30. Qxd1 Qxd1+ 31. Rxd1 cxb6 32. Rd6 Bc4 33. Rxb6
Rh6 34. Nf5 Nxf5 35. Rc6+ Kb7 36. Rxc4 Nd4 37. Nf1 Kb6 38. Ne3 Kb5 39. Rc8 a5
40. Nd5 Ka4 41. Rb8 Nb5 42. Kf1 Nd6 43. Ke2 Nxe4 44. Kd3 f5 45. f3 Nc5+ 46. Kc2
Rc6 47. Nc3+ Ka3 48. Rb5 1/2-1/2

[Event "CAN op"]
[Site "Hamilton CAN"]
[Date "2022.07.12"]
[Round "2.37"]
[White "Chhatralia, Bhavik"]
[Black "Egorov, Mikhail"]
[Result "0-1"]
[WhiteElo "1683"]
[BlackElo "2055"]
[PlyCount "121"]
[EventDate "2022.07.12"]
[EventType "swiss"]
[EventRounds "9"]
[EventCountry "CAN"]

1. e4 c5 2. Nf3 Nc6 3. d4 cxd4 4. Nxd4 Nf6 5. Nc3 e5 6. Nf3 Bb4 7. Bc4 O-O 8.
Bg5 h6 9. Bh4 d6 10. O-O Bxc3 11. bxc3 Bg4 12. h3 Be6 13. Bb3 Rc8 14. Qd3 Qe7
15. Rad1 Rfd8 16. Rfe1 Na5 17. Nd2 g5 18. Bg3 Nh5 19. Nf1 Nf4 20. Qf3 Qf6 21.
Rd3 Bc4 22. Bxc4 Nxc4 23. Kh2 Kg7 24. Rdd1 Rc6 25. Ne3 Nxe3 26. Rxe3 Rdc8 27.
Rb1 b6 28. Rb3 Ne6 29. Qe2 Nc5 30. Rb2 Na4 31. Rb3 Nxc3 32. Qe1 Na4 33. Ra3 b5
34. Qb4 a6 35. Red3 h5 36. f3 h4 37. Be1 Qf4+ 38. Kg1 Nc5 39. Rd1 Ne6 40. Bd2
Qf6 41. c3 Nf4 42. Bxf4 gxf4 43. Qb2 Qg5 44. Qb4 Qg6 45. Rb3 Rc5 46. Rb2 R8c6
47. Rbd2 Qg3 48. Rd3 Rc4 49. Qb3 b4 50. Kf1 Rxc3 51. Qb1 Rc2 52. R3d2 Rxd2 53.
Rxd2 a5 54. Rd5 a4 55. Rb5 Qg5 56. Rxb4 Qd8 57. Rb2 Qc7 58. Qd3 Rc1+ 59. Ke2
Qc5 60. Qd2 Qg1 61. Kd3 0-1

[Event "CAN op"]
[Site "Hamilton CAN"]
[Date "2022.07.12"]
[Round "2.38"]
[White "Fradkin, Benjamin"]
[Black "Zhang, Raymond Tangning"]
[Result "1-0"]
[WhiteElo "2076"]
[BlackElo "1682"]
[PlyCount "63"]
[EventDate "2022.07.12"]
[EventType "swiss"]
[EventRounds "9"]
[EventCountry "CAN"]

1. d4 e6 2. Nf3 Nf6 3. Bf4 c5 4. c3 d5 5. e3 Bd6 6. Bb5+ Nc6 7. Ne5 Qc7 8. Nd2
O-O 9. Ndf3 Ne7 10. Bd3 Ng6 11. Nxg6 fxg6 12. Bxd6 Qxd6 13. Ne5 Nd7 14. f4 Nxe5
15. dxe5 Qd8 16. O-O b6 17. Qg4 a5 18. Rf3 Qe7 19. Rh3 Qf7 20. Rxh7 Kxh7 21.
Qh5+ Kg8 22. Bxg6 Qxg6 23. Qxg6 Rf7 24. Rf1 b5 25. g4 b4 26. f5 exf5 27. gxf5
Ba6 28. Qc6 Raa7 29. Rf2 Bc4 30. e6 Rfc7 31. Qe8+ Kh7 32. Rf4 1-0